000 00593nam a2200217Ia 4500
005 20241129105804.0
008 241129s9999||||xx |||||||||||||| ||und||
020 _a978-0-39-92360-5
037 _aTB
040 _aARTS
_beng
_cARTS
041 _aeng
_2eng
084 _aR4 Q8
_qARTS
100 _aWolff Jonathan Au.
_929854
245 0 _aReadings in moral philosophy
_cWolff Jonathan Au.
260 _aNew York, USA
_bW.W. Norton & Company
_c2018
300 _axviii,638p.
365 _aUSD
_b55
650 _aPhilosophyEthics
942 _cTB
_hR4 Q8
999 _c1225944
_d1225944